[Event "EU-ch 12th"]
[Site "Aix les Bains"]
[Date "2011.04.01"]
[Round "10"]
[White "Heinis, Vincent"]
[Black "Oblin, Pierre"]
[Result "1-0"]
[WhiteElo "2122"]
[BlackElo "1856"]
[PlyCount "83"]
[EventDate "2011.03.22"]
[EventType "swiss"]
[EventRounds "11"]
[EventCountry "FRA"]
[SourceTitle "CBM 142 Extra"]
[Source "ChessBase"]
[SourceDate "2011.06.27"]
[SourceVersion "1"]
[SourceVersionDate "2011.06.27"]
[SourceQuality "1"]

1. e4 c5 2. Nc3 Nc6 3. Bb5 g6 4. Bxc6 dxc6 5. d3 Bg7 6. Be3 Qa5 7. Nge2 Nf6 8. h3 c4 9. 0-0 cxd3 10. cxd3 b5 11. Nd4 Qa6 12. Nb3 Nd7 13. a4 b4 14. Ne2 0-0 15. Qc2 Rd8 16. Rfd1 c5 17. Nxc5 Nxc5 18. Bxc5 Qb7 19. d4 a5 20. Ng3 Ra6 21. Qe2 h5 22. b3 Rf6 23. Qb5 Qc7 24. Rac1 Qf4 25. Qe2 Ba6 26. Qe1 Rc6 27. d5 Bc3 28. Rxc3 bxc3 29. dxc6 Rxd1 30. Qxd1 Qd2 31. Qf3 c2 32. Ba3 c1Q+ 33. Bxc1 Qxc1+ 34. Kh2 Qxc6 35. Qf4 Qd6 36. e5 Qb6 37. Qg5 h4 38. Qxh4 Qxb3 39. Qxe7 Qxa4 40. e6 fxe6 41. Qxe6+ Kg7 42. Qxa6 1-0

[Event "EU-ch 12th"]
[Site "Aix les Bains"]
[Date "2011.03.28"]
[Round "7"]
[White "Caroff, Frederic"]
[Black "Oblin, Pierre"]
[Result "1-0"]
[WhiteElo "2117"]
[BlackElo "1856"]
[PlyCount "57"]
[EventDate "2011.03.22"]
[EventType "swiss"]
[EventRounds "11"]
[EventCountry "FRA"]
[SourceTitle "CBM 142 Extra"]
[Source "ChessBase"]
[SourceDate "2011.06.27"]
[SourceVersion "1"]
[SourceVersionDate "2011.06.27"]
[SourceQuality "1"]

1. b4 c6 2. e3 Qb6 3. a3 a5 4. b5 Nf6 5. c4 e5 6. Bb2 d6 7. d4 Be7 8. dxe5 dxe5 9. Bxe5 cxb5 10. cxb5 0-0 11. Nf3 Bg4 12. Nbd2 Nbd7 13. Bd4 Qd6 14. Be2 Rac8 15. 0-0 b6 16. Nc4 Qe6 17. Nfe5 Bxe2 18. Qxe2 Nxe5 19. Nxe5 Bc5 20. Nf3 Rfd8 21. Rfd1 Rd5 22. Bxc5 Rdxc5 23. Nd4 Qe4 24. Ra2 Nd5 25. Nb3 Nc3 26. Qc2 Qxc2 27. Rxc2 Nxd1 28. Nxc5 Rxc5 29. Rxc5 1-0

[Event "EU-ch 12th"]
[Site "Aix les Bains"]
[Date "2011.03.25"]
[Round "4"]
[White "Hazarabedian, Guy"]
[Black "Oblin, Pierre"]
[Result "0-1"]
[WhiteElo "1531"]
[BlackElo "1856"]
[PlyCount "46"]
[EventDate "2011.03.22"]
[EventType "swiss"]
[EventRounds "11"]
[EventCountry "FRA"]
[SourceTitle "CBM 142 Extra"]
[Source "ChessBase"]
[SourceDate "2011.06.27"]
[SourceVersion "1"]
[SourceVersionDate "2011.06.27"]
[SourceQuality "1"]

1. d4 Nf6 2. c4 c5 3. Nf3 e6 4. Bg5 cxd4 5. Bxf6 Qxf6 6. Qxd4 Bb4+ 7. Nbd2 Qxd4 8. Nxd4 Nc6 9. Nxc6 bxc6 10. a3 Bc5 11. e3 a5 12. Ne4 Be7 13. Be2 Rb8 14. Ra2 f5 15. Nc3 0-0 16. Kd2 f4 17. e4 Bc5 18. f3 d5 19. cxd5 exd5 20. exd5 cxd5 21. Rd1 Be6 22. Na4 Be3+ 23. Ke1 d4 0-1

[Event "EU-ch 12th"]
[Site "Aix les Bains"]
[Date "2011.03.24"]
[Round "3"]
[White "Oblin, Pierre"]
[Black "Izzat, Kanan Azar"]
[Result "0-1"]
[WhiteElo "1856"]
[BlackElo "2181"]
[PlyCount "82"]
[EventDate "2011.03.22"]
[EventType "swiss"]
[EventRounds "11"]
[EventCountry "FRA"]
[SourceTitle "CBM 142 Extra"]
[Source "ChessBase"]
[SourceDate "2011.06.27"]
[SourceVersion "1"]
[SourceVersionDate "2011.06.27"]
[SourceQuality "1"]

1. b4 e6 2. Bb2 Nf6 3. a3 c5 4. Nf3 cxb4 5. g3 Nc6 6. Bg2 d5 7. 0-0 Be7 8. d3 0-0 9. axb4 Nxb4 10. Nbd2 b6 11. c4 Bb7 12. Qb1 a5 13. cxd5 Bxd5 14. e4 Bb7 15. Ne5 Nd7 16. Ndf3 Nc5 17. Bd4 f6 18. Nc4 e5 19. Be3 Ba6 20. Rd1 Bxc4 21. dxc4 Qc8 22. Ne1 Qe6 23. Bf1 Qc6 24. Nc2 Nca6 25. Nxb4 Nxb4 26. Bd2 Kh8 27. Bxb4 Bxb4 28. Rd5 Bc3 29. Ra2 Bd4 30. Bd3 Qe6 31. Kg2 Ra7 32. Qd1 g6 33. h4 h5 34. Qh1 Raf7 35. f4 Qe8 36. Qd1 Rg7 37. Bc2 Bc5 38. Ba4 Qf7 39. Qd3 exf4 40. gxf4 Qe6 41. Qh3 Qxe4+ 0-1

[Event "EU-ch 12th"]
[Site "Aix les Bains"]
[Date "2011.03.22"]
[Round "1"]
[White "Oblin, Pierre"]
[Black "Durarbayli, Vasif"]
[Result "0-1"]
[WhiteElo "1856"]
[BlackElo "2510"]
[PlyCount "70"]
[EventDate "2011.03.22"]
[EventType "swiss"]
[EventRounds "11"]
[EventCountry "FRA"]
[SourceTitle "CBM 142 Extra"]
[Source "ChessBase"]
[SourceDate "2011.06.27"]
[SourceVersion "1"]
[SourceVersionDate "2011.06.27"]
[SourceQuality "1"]

1. b4 Nf6 2. Bb2 e6 3. a3 b6 4. Nf3 Bb7 5. e3 c5 6. Be2 cxb4 7. 0-0 bxa3 8. Nxa3 Be7 9. c4 0-0 10. Qc2 Nc6 11. Nb5 a6 12. Nc3 Rc8 13. e4 d6 14. d4 e5 15. Rfd1 exd4 16. Nxd4 Ne5 17. Qb3 Re8 18. Nf5 Bf8 19. f3 g6 20. Ne3 Bg7 21. Na4 Rb8 22. Rd2 Bc6 23. Nc3 Nh5 24. g3 Qg5 25. Kf2 f5 26. Rxd6 fxe4 27. c5+ Kh8 28. Nxe4 Bxe4 29. fxe4 bxc5 30. Rb6 Rxb6 31. Qxb6 Rf8+ 32. Nf5 gxf5 33. Bxe5 Bxe5 34. Qxc5 Qg7 35. Rxa6 Bd4+ 0-1